| 000 | 00464cam a22001097a 4500 | ||
|---|---|---|---|
| 008 | 180718b xxu||||| |||| 00| 0 eng d | ||
| 082 | _aL1x54 In2ba/1 | ||
| 245 |
_aFirst report of the team on reforms in the structure of budget and accounts _cby Department of Economic Affairs, Ministry of Finance, India |
||
| 260 |
_aDelhi _bDepartment of Economic Affairs, Ministry of Finance _c |
||
| 300 | _a402p. | ||
| 700 | _aIndia. Ministry of Finance. Department of Economic Affairs | ||
| 999 |
_c500448 _d500448 |
||